00381nam a2200109Ia 4500008004100000245014000041260003300181260000900214300001000223500001100233650002700244170224s9999 xx 000 0 und d aProving and Implementing the Effectiveness of iDnc for Optimal 4D Data Signature based Cluster Models of NLEX Traffic Density Data Sets bPhilippine Computing Journal c2012 aVII:1 aAugust xInformation Technology